Fluid mechanics through worked out problems (Record no. 2538)

000 -LEADER
fixed length control field 00578nam a22002177a 4500
001 - CONTROL NUMBER
control field 2538
003 - CONTROL NUMBER IDENTIFIER
control field BD-DhUET
008 - FIXED-LENGTH DATA ELEMENTS--GENERAL INFORMATION
fixed length control field 140924b xxu||||| |||| 00| 0 eng d
020 ## - INTERNATIONAL STANDARD BOOK NUMBER
International Standard Book Number 9843109230
040 ## - CATALOGING SOURCE
Transcribing agency 0
Modifying agency BD-DhUET
082 ## - DEWEY DECIMAL CLASSIFICATION NUMBER
Classification number 532
Item number QUA/2006
100 ## - MAIN ENTRY--PERSONAL NAME
Personal name Quamrul Islam , Md.
245 ## - TITLE STATEMENT
Title Fluid mechanics through worked out problems
250 ## - EDITION STATEMENT
Edition statement 1st ed.
260 ## - PUBLICATION, DISTRIBUTION, ETC. (IMPRINT)
Place of publication, distribution, etc. Gazipur
Name of publisher, distributor, etc. Islamic University of Technology
Date of publication, distribution, etc. 2006
300 ## - PHYSICAL DESCRIPTION
Extent xii,777 p.
504 ## - BIBLIOGRAPHY, ETC. NOTE
Bibliography, etc Includes bibliographies
650 #0 - SUBJECT ADDED ENTRY--TOPICAL TERM
Topical term or geographic name as entry element Fluid mechanics
700 ## - ADDED ENTRY--PERSONAL NAME
Personal name Mondal , Amalesh Chandra
942 ## - ADDED ENTRY ELEMENTS (KOHA)
Koha item type General Book
Holdings
Date acquired Koha date last seen Source of classification or shelving scheme Koha item type Koha out on loan Not for loan Piece designation (barcode) Copy number Koha full call number Withdrawn status Location (home branch) Shelving location Koha normalized classification for sorting Koha issues (times borrowed) Price effective from Sublocation or collection (holding branch) Damaged status Koha date last borrowed Koha renewals Lost status
2014-09-242024-08-31 General Book2024-09-14 1027491532/QUA/2006 Central Library, BUETCirculation section532QUA200692014-09-24Central Library, BUET 2024-08-31  
2014-09-242025-11-09 General Book  1027502532/QUA/2006 Central Library, BUETCirculation section532_000000000000000_QUA_2006162014-09-24Central Library, BUET 2025-08-10  
2014-09-242026-04-12 General Book  1027513532/QUA/2006 Central Library, BUETCirculation section532_000000000000000_QUA_2006152014-09-24Central Library, BUET 2026-03-301 
2015-08-172025-06-30 General Book2025-07-14 1027484532/QUA/2006 Central Library, BUETCirculation section532_000000000000000_QUA_2006242015-08-17Central Library, BUET 2025-06-30  
2006-11-062023-12-02 General Book2023-12-16 1027525532/QUA/2006 Central Library, BUETCirculation section532_000000000000000_QUA_2006102018-04-21Central Library, BUET 2023-12-02